000 04493cam a22004334a 4500
999 _c4045
_d4045
001 6225026
003 Nust
005 20180604080711.0
008 070627s2007 nyu b 001 0beng
010 _a 2007017472
020 _a9780091920791
_cRs. 676
035 _a(OCoLC)ocn128236371
035 _a(OCoLC)128236371
035 _a(NNC)6225026
038 _aArshad
040 _aDLC
_cDLC
_dYDX
_dSPP
_dBAKER
_dBTCTA
_dYDXCP
_dAFQ
_dOrLoB-B
043 _an-us---
050 0 0 _aE887.C55
_bB47 2007
082 0 0 _a328.73092
_bBER
100 1 _aBernstein, Carl,
_d1944-
_910899
245 1 2 _aA woman in charge :
_bthe life of Hillary Rodham Clinton /
_cCarl Bernstein.
250 _a1st ed.
260 _aNew York :
_bAlfred A. Knopf,
_c2007.
300 _a628 p. ;
_c25 cm.
504 _aIncludes bibliographical references (p. [555]-603) and index.
520 1 _a"Carl Bernstein's portrait of Hillary Rodham Clinton shows us, as nothing else has, the true trajectory of her life and career with its zigzag bursts of risks taken and safety sought. Bernstein gives us the most detailed, sophisticated, comprehensive, and revealing account we have had of the complex human being and political meteor who has already helped define one presidency and may well become, herself, the woman in charge of another." "We see the shaping of Hillary as a self-described "mind conservative and heart liberal" - her ostensibly idyllic Midwestern girlhood (her mother a nurturer, but her father a disciplinarian, harsher than she has acknowledged); her early development of deep religious feelings; her curiosity fueled by dedicated teachers, by exposure to Martin Luther King Jr., by the ferment of the sixties, and, above all, by a desire to change the world. At Wellesley, we watch Hillary, a Republican turned Democrat, thriving in the new sky's-the-limit freedom for women, already perceived as a spokeswoman for her generation, her commencement speech celebrated in Life magazine. And the book takes us to Yale Law School as Hillary meets and falls in love with Bill Clinton and cancels her dream to go her own way, to New York or Washington, tying her fortune, instead, to his in Arkansas." "Bernstein clarifies the often amazing dynamic of their marriage, shows us the extent to which Hillary has been instrumental in the triumphs and troubles of Bill Clinton's governorship and presidency, and sheds light on her own political brilliance and her blind spots - especially her suspicion and mishandling of the press and her overt hostility to the opposition that clouded her entry into the capital. He untangles her relationship to Whitewater, Troopergate, and Travelgate. He leads us to understand the failure of her health care initiative." "In the emotional and political chaos of the Lewinsky affair we see Hillary, despite her immense hurt and anger, standing by her husband - evoking a rising wave of sympathy from a public previously cool to her. It helps carry her into the Senate, where she applies the political lessons she has learned. It is now her time. As she decides to run for president, her husband now her valued aide, she has one more chance to fulfill her ambition for herself - to change the world." "In his preparation for A Woman in Charge, Bernstein reexamined everything pertinent written about and by Hillary Clinton. He interviewed some two hundred of her colleagues, friends, and enemies and was allowed unique access to the candid record of the 1992 presidential campaign kept by Hillary's best friend, Diane Blair. He has given us a book that enables us, at last, to address the questions Americans are insistently - even obsessively - asking about Hillary Clinton: What is her character? What is her political philosophy? Who is she? What can we expect of her?"--BOOK JACKET.
600 1 0 _aClinton, Hillary Rodham.
_910900
610 1 0 _aUnited States.
_bCongress.
_bSenate
_vBiography.
_910901
650 0 _aPresidents' spouses
_zUnited States
_vBiography.
_910902
650 0 _aLegislators
_zUnited States
_vBiography.
_910903
650 0 _aWomen legislators
_zUnited States
_vBiography.
_910904
650 0 _aPresidential candidates
_zUnited States
_vBiography.
_910905
650 0 _aWomen presidential candidates
_zUnited States
_vBiography.
_910906
856 4 1 _3Table of contents only
_uhttp://www.loc.gov/catdir/toc/ecip0718/2007017472.html
900 _bTOC
942 _2ddc
_cBK
948 1 _a20070710
_bc
_cjeb52
_dMPS
948 2 _a20071012
_ba
_cvt2130
_dMPS